Classification of encrypted Voip Traffic (Record no. 12268)
[ view plain ]
| 000 -LEADER | |
|---|---|
| fixed length control field | 00485nam a2200145 4500 |
| 082 ## - DEWEY DECIMAL CLASSIFICATION NUMBER | |
| Classification number | MS-CCS-4 YAQ |
| 100 ## - MAIN ENTRY--PERSONAL NAME | |
| Personal name | Yaqoot Shakeel |
| 9 (RLIN) | 98861 |
| 245 ## - TITLE STATEMENT | |
| Title | Classification of encrypted Voip Traffic |
| 260 ## - PUBLICATION, DISTRIBUTION, ETC. | |
| Place of publication, distribution, etc. | Islamabad |
| Name of publisher, distributor, etc. | Nust School of Electrical Engineering and Computer Science |
| Date of publication, distribution, etc. | 2013 |
| 300 ## - PHYSICAL DESCRIPTION | |
| Extent | 55 p |
| Accompanying material | CD-ROM |
| 500 ## - GENERAL NOTE | |
| General note | Supervisor;Dr.Nazar Abbas Saqib |
| 700 ## - ADDED ENTRY--PERSONAL NAME | |
| Personal name | Yaqoot Shakeel |
| 9 (RLIN) | 98861 |
| 856 ## - ELECTRONIC LOCATION AND ACCESS | |
| Uniform Resource Identifier | <a href="http://10.250.8.41:8080/xmlui/handle/123456789/30300">http://10.250.8.41:8080/xmlui/handle/123456789/30300</a> |
| 942 ## - ADDED ENTRY ELEMENTS (KOHA) | |
| Koha item type | Project Report |
| Source of classification or shelving scheme | |
| Withdrawn status | Lost status | Damaged status | Not for loan | Collection code | Permanent Location | Current Location | Shelving location | Date acquired | Total Checkouts | Full call number | Barcode | Date last seen | Price effective from | Koha item type | Source of classification or shelving scheme |
|---|---|---|---|---|---|---|---|---|---|---|---|---|---|---|---|
| Central Library (CL) | Central Library (CL) | General Stacks | 12/19/2013 | MS-CCS-4 YAQ | SEECSP01296 | 12/19/2013 | 12/19/2013 | Project Report | |||||||
| Central Library (CL) | Central Library (CL) | Thesis | 09/03/2019 | 005 | CL-T-3314 | 09/03/2019 | 09/03/2019 | Thesis | |||||||
| Central Library (CL) | Central Library (CL) | Thesis | 12/13/2019 | 004 MS-CCS-4 YAQ | CL-T-4143 | 12/13/2019 | 12/13/2019 | Thesis |
